000 00470nab a2200145Ia 4500
003 ES-SlBCS
005 20210601124318.0
008 140529s1988 xxu||||| |||| 00| 0 eng d
041 _aeng
100 1 _aAtherton, John Michael
_9139593
245 0 0 _aVirtues in Moral Education: Objections and Replies
_c John Michael Atherton
650 0 4 _aEducación Moral-Virtudes
_9139594
773 0 _tEducational Theory
_gvol. 38, nº. 3, 1988, págs. 299-310
_wRev1399
942 _cAR
999 _c512763
_d512763